Etica y filosofía política
Salvato in:
| Autore principale: | |
|---|---|
| Natura: | Libro |
| Lingua: | spagnolo |
| Pubblicazione: |
Ciudad de México
Fondo de Cultura Económica
1976
|
| Serie: | Breviarios, 252
|
| Soggetti: | |
| Tags: |
Aggiungi Tag
Nessun Tag, puoi essere il primo ad aggiungerne!!
|
MARC
| LEADER | 00000nam a2200000 a 4500 | ||
|---|---|---|---|
| 001 | UCL4251 | ||
| 003 | CL-VaPUC | ||
| 008 | 040109e19760000MX |||||||||||||||||spa|d | ||
| 082 | 0 | 4 | |a 320.01 |b OPP |2 21 |
| 100 | |a Oppenheim, Félix E. |e autor |9 481733 | ||
| 245 | 1 | 0 | |a Etica y filosofía política |
| 300 | |a 247 p | ||
| 942 | |c BK | ||
| 945 | |d 20040109 00:00:00 |a vberengu | ||
| 260 | |a Ciudad de México |b Fondo de Cultura Económica |c 1976 | ||
| 650 | 0 | |a Etica política |9 255799 | |
| 650 | 7 | |a FILOSOFIA POLITICA |2 CL-VaPUC |9 481734 | |
| 583 | |a last modification |c 20040109 00:00:00 |k Rodrigo Vera | ||
| 490 | 0 | |a Breviarios, 252 | |
| 999 | |c 307132 |d 307130 | ||
| 952 | |0 0 |1 0 |4 0 |6 320_010000000000000_OPP_1976 |7 0 |8 A |9 372744 |a BIBTEO |b BIBTEO |d 2019-11-21 |i 2100541 |o 320.01 OPP 1976 |p 2100541 |r 2025-01-17 |w 2019-11-21 |y BK |k ICR | ||